| 000 | 00501nam a22001937a 4500 | ||
|---|---|---|---|
| 003 | NUST - PNEC | ||
| 005 | 20170116180748.0 | ||
| 008 | 150227b xxu||||| |||| 00| 0 eng d | ||
| 020 | _a- | ||
| 040 | _cLIBRARY | ||
| 082 | _a320.54 SHA | ||
| 100 |
_91545 _aShaukat Ali |
||
| 245 |
_aPAN MOVEMENTS IN THE THIRD WORLD _cAli Shukhat |
||
| 250 | _a- | ||
| 260 |
_aPakistan _bPublishers United Ltd _cc1976. |
||
| 300 | _a398 p. : | ||
| 650 |
_91547 _aInternational Relation _xGeneral |
||
| 942 |
_2ddc _cBK |
||
| 999 |
_c62456 _d62456 |
||